Administración de Proyectos (Registro nro. 4457)
[ vista simple ]
| 000 -Cabecera | |
|---|---|
| Campo de control de longitud fija | 01282aam a2200373 4500 |
| 005 - Fecha y hora de la última transacción | |
| Campo de control | 20250619145425.0 |
| 008 - Elementos de longitud fija--Información general | |
| Campo de control de longitud fija | 150410b2008 xxu||||| |||| 00| 0 spa d |
| 020 ## - International Standard Book Number | |
| Número Internacional Estándar del Libro (ISBN) | 9701510992 |
| 041 ## - Idioma | |
| Código de idioma | Español |
| 082 ## - Clasificación Decimal Dewey | |
| Número de clasificación | 658.404 K63a |
| 100 ## - Entrada principal--Autor personal | |
| Nombre personal | Klastorin, Ted |
| 9 (RLIN) | 51829 |
| 245 ## - Título propiamente dicho | |
| Título | Administración de Proyectos |
| 260 ## - Pie de imprenta | |
| Lugar de publicación, distribución, etc. | México |
| 260 ## - Pie de imprenta | |
| Nombre del editor, distribuidor, etc. | Alfaomega |
| 260 ## - Pie de imprenta | |
| Fecha de publicación, distribución, etc. | 2008 |
| 300 ## - Descripción física | |
| Extensión | 242 páginas |
| 490 ## - Serie | |
| Título de la Serie | Dirección y Administración de Empresas |
| 505 ## - Nota de contenido | |
| Nota de contenido | Contiene disco compacto N° 466 |
| 505 ## - Nota de contenido | |
| Nota de contenido | Disco compacto contiene la aplicación para estudiantes Microsoft Project 2002 y Risk Professional for Project. Además, presentaciones en Power Point y hojas de cálculo. |
| 650 ## - Materia general | |
| Temática (materia general) | GERENCIA DE PROYECTOS |
| 650 ## - Materia general | |
| Temática (materia general) | ADMINISTRACION DE PROYECTOS |
| 650 ## - Materia general | |
| Temática (materia general) | SELECCION DE PROYECTOS |
| 650 ## - Materia general | |
| Temática (materia general) | EQUIPOS DE PROYECTO Y RELACIONES ORGANIZACIONALES |
| 650 ## - Materia general | |
| Temática (materia general) | PLANEACIÓN DE PROYECTOS |
| 650 ## - Materia general | |
| Temática (materia general) | PLANEACIÓN CON INCERTIDUMBRE |
| 650 ## - Materia general | |
| Temática (materia general) | EQUIPOS DE PROYECTOS |
| 650 ## - Materia general | |
| Temática (materia general) | COSTOS DE PROYECTOS |
| 650 ## - Materia general | |
| Temática (materia general) | ADMINISTRACION DEL RIESGO |
| 650 ## - Materia general | |
| Temática (materia general) | SUPERVISIÓN Y CONTROL |
| 650 ## - Materia general | |
| Temática (materia general) | ADMINISTRACION DE PROYECTOS MÚLTIPLES |
| 650 ## - Materia general | |
| Temática (materia general) | ADMINISTRACION DE RECURSOS |
| 650 ## - Materia general | |
| Temática (materia general) | SUPERVISION DE PROYECTOS |
| 942 ## - Punto de acceso adicional KOHA | |
| Tipo de ítem KOHA | Libro |
| Fuente del sistema de clasificación o colocación | Dewey Decimal Classification |
| Signatura completa | Código de barras | Programa Académico | Tipo de ítem |
|---|---|---|---|
| 658.404 K63a | 13353 | Dirección y Administración de Empresas | Libro |
| 658.404 K63a | 13354 | Dirección y Administración de Empresas | Libro |
| 658.404 K63a | 23885 | Dirección y Administración de Empresas | Libro |
| 658.404 K63a | 23901 | Dirección y Administración de Empresas | Libro |
| 658.404 K63a | 466ADC | Dirección y Administración de Empresas | Disco Compacto |
| 658.404 K63a | 466BDC | Dirección y Administración de Empresas | Disco Compacto |
| 658.404 K63a | 466CDC | Dirección y Administración de Empresas | Disco Compacto |